Práca, mzdy a odmeňovanie mesačník s bezkonkurenčným počtom aktualít a tipov z personálneho a mzdového poradenstva
Enregistré dans:
| Format: | Publication en série |
|---|---|
| Langue: | slovaque |
| Publié: |
Žilina
Poradca podnikateľa
|
| Sujets: | |
| Tags: |
Pas de tags, Soyez le premier à ajouter un tag!
|
MARC
| LEADER | 00000nas1a2200000$$$4500 | ||
|---|---|---|---|
| 001 | 0036177 | ||
| 005 | 20240118111420.5 | ||
| 022 | |a 1335-7115 | ||
| 041 | 0 | |a slo | |
| 044 | |a SK | ||
| 245 | 1 | 0 | |a Práca, mzdy a odmeňovanie |b mesačník s bezkonkurenčným počtom aktualít a tipov z personálneho a mzdového poradenstva |
| 264 | 1 | |a Žilina |b Poradca podnikateľa | |
| 500 | |a Na obálke č. 1/2023 - tlačová chyba, nesprávne uvedený ročník | ||
| 610 | 2 | 0 | |a poradenstvo personálne |
| 610 | 2 | 0 | |a práca |
| 610 | 2 | 0 | |a mzdy |
| 610 | 2 | 0 | |a odmeňovanie |